00846 2200205 4500001002100000005001500021035002000036008004100056245003100097100001300128250000600141260003800147300001200185084001400197082000800211650001000219520038700229990001200616990001200628INLIS00000000000094520240531092618 a0010-0524000180240531 1 ind 1 aBalada Sidodol /cAnton WP aAnton WP a1 aYogyakarta :bSheila/ Andi,c2009 a124 hlm a813 ANT b a813 4aFiksi aApakah dunia nyata Dodo akan seindah mimpi di siang bolongnya itu? Bagaimana kisah gerilya Sang Pemimpi bersama dua kroninya, Roy dan Bono? Jangan tunggu keduluan yang lain, buruan beli dan baca balada dodol trio mahasiswa Universitas Reformasi ini. Sebuah kisah yang bikin siapa saja pengen segera bergerilya atau kembali bergerilya dalam dunia percintaan. Inspiratif banget deh! a0741644 a0741645